000 00600nam a2200181Ia 4500
008 100920s9999 xx 000 0 und d
082 _b104660
_a32 न 07
100 _aशर्मा कृष्णचंं्रद्र.
245 _aकैारवी शब्दकोश.
260 _bभावना प्रकाशन,दिल्ली.
_c2007
300 _a480
_bसाधी
365 _b450
520 _aकोश.
630 _aकैारवी शब्दकोश.
650 _aकोश.
730 _aकैारवी शब्दकोश.
942 _cBOOK
999 _c745092
_d745089